Thèâtre
Salvato in:
| Autore principale: | |
|---|---|
| Natura: | Libro |
| Lingua: | francese |
| Pubblicazione: |
París
Gallimard
1947
|
| Soggetti: | |
| Tags: |
Aggiungi Tag
Nessun Tag, puoi essere il primo ad aggiungerne!!
|
MARC
| LEADER | 00000nam a2200000 a 4500 | ||
|---|---|---|---|
| 001 | UCZ3392 | ||
| 003 | CL-VaPUC | ||
| 008 | 951020e19470000FR |||||||||||||||||fre|d | ||
| 082 | 0 | 4 | |a 842 |b SAR |2 21 |
| 100 | 0 | |a Sartre, Jean-Paul |e author |9 269377 | |
| 245 | 1 | 0 | |a Thèâtre |
| 300 | |a v | ||
| 942 | |c BK | ||
| 945 | |d 19951020 00:00:00 |a cmena | ||
| 260 | |a París |b Gallimard |c 1947 | ||
| 500 | |a v.1: Les mouches. Huis Clos. Mort sans sépulture: La putain respectueuse | ||
| 650 | 0 | |a Teatro francés |9 265089 | |
| 650 | 7 | |a DRAMAS FRANCESES |2 CL-VaPUC |9 267189 | |
| 583 | |a last modification |c 19951020 00:00:00 |k Rodrigo Vera | ||
| 999 | |c 239873 |d 239871 | ||
| 952 | |0 0 |1 0 |4 0 |6 842_000000000000000_SAR_1947 |7 0 |8 A |9 251330 |a BIBEDU |b BIBEDU |d 2019-11-18 |h v.1 |i 1587439 |o 842 SAR 1947 |p 1587439 |r 2019-11-18 |w 2019-11-18 |y BK |k FIL | ||
| 952 | |0 0 |1 0 |4 0 |6 842_000000000000000_SAR_1947 |7 0 |8 A |9 251331 |a BIBEDU |b BIBEDU |d 2019-11-18 |h v.1 |i 1431544 |o 842 SAR 1947 |p 1431544 |r 2019-11-18 |w 2019-11-18 |y BK |k LIT | ||